1518 1147 1327 1150 1506 1970 1102 1917 1144 1141 1486 1005 1717 1719 1637 1375 1015 1501 1314 1754 1082 1504 1669 1971 1877 1066 1001 1278 1631 1143 1898 1422 1040 1257 1576 1175 1734 1842 1100 1215 1924 1340 1355 1645 1614 1253 1307 1426 1599 1702 1694 1833 1557 1830 1486 1634 1327 1336 1592 1668 1769 1719 1595 1423 1828 1369 1002 1949 1876 1215 1823 1772 1824 1833 1088 1622 1420 1933 1486 1209 1481 1835 1780 1042 1561 1016 1107 1534 1897 1347 1866 1842 1310 1300 1130 1109 1088 1094 1728 BCNSPRNW ULIB Ver.6.0+V

เปลี่ยนเป็นภาษาไทย

Change to English
 แสดงรายละเอียดบรรณานุกรม
  กลับหน้าหลัก

Brief Record : Get Marc (ISO 2709) : E-mail record : QR code < ปิดหน้าต่าง
LEADER : 00000nam 2200000uu 4500
001    13399122159
003     ULIB
008    130107s2551||||th 000 0 tha d
020    ^a9789740698937
060 04 ^aQW504^bอ371ว
245 00 ^aวิทยาภูมิคุ้มกันพื้นฐานและคลินิก =^bBasic and clinicalimmunology /^cอรวดี หาญวิวัฒน์วงศ์, บรรณาธิการ
246 31 ^aBasic and clinical immunology
250    ^aพิมพ์ครั้งที่ 1
260    ^aกรุงเทพฯ :^bหน่วยวิทยาภูมิคุ้มกัน ภาควิชาจุลชีววิทยาคณะแพทยศาสตร์ จุฬาลงกรณ์มหาวิทยาลัย,^c2551
300    ^a446 หน้า :^bภาพประกอบ ;^c30 ซม.
650  7 ^aวิทยาภูมิคุ้มกัน
650  7 ^aวิทยาภูมิคุ้มกัน^xเทคนิค
700 0  ^aอรวดี หาญวิวัฒน์วงศ์,^eบรรณาธิการ
710 2  ^aจุฬาลงกรณ์มหาวิทยาลัย. ^bคณะแพทยศาสตร์.^bภาควิชาจุลชีวิทยา
945    ^p450^l0^i19614
945    ^p450^l0^i19615
995    ^aกัณชพร
999 ^a ใช้งานได้ทุกระบบ
รายการนี้ยังไม่มีแท็ก
คุณยังไม่ได้ล็อกอิน คุณสามารถมีกิจกรรมร่วมกับเว็บไซต์ได้ แต่ต้องล็อกอินก่อน ::
  ล็อกอิน

รายการสื่อสารสนเทศ

ลำดับที่ ประเภท เลขเรียก/บาร์โค้ด สถานที่ สถานะ
- ไม่พบข้อมูล -

รายการใกล้เคียง
    หัวเรื่อง [วิทยาภูมิคุ้มกัน]

BibComment


ยังไม่เคยถูกคอมเมนท์

คอมเมนท์ทรัพยากรรายการนี้
  คอมเมนท์: วิทยาภูมิคุ้มกัน..


 Copyright 2026. Bcnsprnw @Library